000 00732nam a2200229 a 4500
001 78213
003 BD-RjUL
005 20211209083114.0
008 210816s1952 ny a b 000 0 eng
035 _a(BD-RjUL)78439
040 _aDLC
_cDLC
_dDLC
_dBD-RjUL
_beng
041 _aeng
082 0 0 _223
_a531.1133
_bCOW 1952
100 _a Coulson, C A
_9167935
245 0 0 _aWaves :
_ba mathematical account of the common types of wave motion /
_cC A Coulson
250 _a6th ed.
260 _aNew York :
_bInterscience publishers;
_bOliver and Boyd ltd.,
_c1952
300 _axii, 159 p. :
_bill. ;
_c19 cm.
504 _aIncludes bibliographical references and index.
650 0 _aAcoustic surface waves.
_9167923
942 _2ddc
_cBK
999 _c78213
_d78213